| 000 | 00510nam a2200193Ia 4500 | ||
|---|---|---|---|
| 008 | 210417s9999 xx 000 0 und d | ||
| 020 | _a9781632391117 | ||
| 020 | _b1632391112 | ||
| 082 | _a572.87 JEN | ||
| 082 | _b22.572.87 JEN | ||
| 245 | 0 | _aChromatin remodelling | |
| 245 | 0 | _cChromatin remodelling | |
| 250 | _b"vii, 224 p. ill., hbk." | ||
| 260 | _a"New York, NY" | ||
| 260 | _bCallisto Reference | ||
| 260 | _c2015 | ||
| 700 | _a"Jennings, Harrison " | ||
| 700 | _bEdited by Harrison Jennings | ||
| 999 |
_c485981 _d485981 |
||